Statistics for First Round Draft Picks-NBA 2021

Click here to take the quiz!

General Stats

  • This quiz has been taken 14 times
  • The average score is 10 of 15

Answer Stats

HintAnswer% Correct
1.) Detroit PistonsCade Cunningham
100%
8.) Orlando MagicFranz Wagner
100%
2.) Houston RocketsJalen Green
100%
3.) Cleveland CavaliersEvan Mobley
92%
4.) Toronto RaptorsScottie Barnes
92%
6.) Oklahoma City ThunderJosh Giddey
85%
5.) Orlando MagicJalen Suggs
77%
7.) Golden State WarriorsJonathan Kuminga
69%
9.) Sacramento KingsDavion Mitchell
54%
13.) Indiana PacersChris Duarte
46%
15.) Washington WizardsCorey Kispert
46%
11.) Charlotte HornetsJames Bouknight
46%
14.) Golden State WarriorsMoses Moody
46%
10.) New Orleans Pelicans (traded to Memphis Grizzlies)Ziaire Williams
46%
12.) San Antonio SpursJoshua Primo
38%

Score Distribution

Percentile by Number Answered

Percent of People with Each Score

Your Score History

You have not taken this quiz